000 00294nam a22001337a 4500
008 171017b xxu||||| |||| 00| 0 eng d
020 _a2900131394253
041 _aeng
080 _210 ED
_a330.101.542
100 _a52
101 _aMIK
245 _aMICROECONOMI
_cPARKIN
942 _2udc
_cBK
999 _c34402
_d34402